000 01032nam a2200325 a 4500
001 000022200
003 DO-SdBNP
005 20240206100348.0
007 ta
008 100920s1989 dr 000 0 spa d
040 _aDO-SdBNP
_bspa
_cBNPHU
_erda
082 _bF618c
_222
100 1 _aFleury, V.
_945929
_eautor
245 1 0 _aCien dominicanos célebres /
_cV. Fleury, G. Ricart, P. Bisonó ; prólogo Ramón Alberto Ferreras.
250 _a7a edición
264 _aSanto Domingo :
_bLibreros Dominicanos Unidos,
_c1989.
300 _a299 paginas ;
_c21 cm.
336 _2rdacontent
_atexto
_btxt
337 _2rdamedia
_asin mediación
_bn
338 _2rdacarrier
_avolumen
_bnc
490 1 _aDominicanos Celebres
_v2
500 _aIncluye índice alfabético de biografías
590 _aInventariado, 2023 / DG
700 1 _aFerreras, Ramón Alberto
_epról.
_911298
700 1 _aRicart, G.
_945930
700 1 _aBisonó, P.
_93020
830 0 _aDominicanos Celebres
_n2
_945931
910 _aDG
942 _2ddc
_cLBS1
999 _c21698
_d21698